000
00288nam a22001337a 4500
008
181105b xxu||||| |||| 00| 0 eng d
020
_a
9780155066892
041
_a
eng
080
_2
6th
_a
371
100
_a
46
101
_a
EDU
245
_a
College Reading
_c
Maker,J
942
_2
udc
_c
BK
999
_c
51829
_d
51829